Normal view
MARC view
Entry Topical Term
001 - CONTROL NUMBER
- control field: 7379
003 - CONTROL NUMBER IDENTIFIER
- control field: HDC
005 - DATE AND TIME OF LATEST TRANSACTION
- control field: 20230624073244.0
008 - FIXED-LENGTH DATA ELEMENTS
- fixed length control field: 210125|| aca||aabn | a|a d
040 ## - CATALOGING SOURCE
- Original cataloging agency: HDC
- Transcribing agency: HDC
150 ## - HEADING--TOPICAL TERM
- Topical term or geographic name entry element: food ingredients
670 ## - SOURCE DATA FOUND
- Source citation: Work cat.: (HDC): Seminar on Prima Halal Food Park, Hotel Equatorial, Bangi, Selangor, 29 January 2005 7378, The Potentials of Halal Meat-Based Products and ‘Cross Over’ Market / by, 2005
